| 000 | 00596nac a22001811u 4500 | ||
|---|---|---|---|
| 008 | 100921t2002 ii |||||r|||| 001 0 eng d | ||
| 020 | _a0071379495 | ||
| 020 | _a9780070582552 | ||
| 082 | 0 | 0 |
_a658.45 _bARG _222 |
| 100 |
_aArgenti, Paul A. _919616 |
||
| 245 | 1 | 0 |
_aThe Power of Corporate Communication / _cPaul A. Argenti, Janis Forman. |
| 260 |
_aNew Delhi : _bTata McGraw-Hill, _c2003. |
||
| 300 |
_a294 p. ; _c23 cm. |
||
| 500 | _aIncludes index. | ||
| 650 | 0 |
_aCommunication in management. _919617 |
|
| 650 | 0 |
_aCommunication in organizations. _919618 |
|
| 942 |
_cBB _k658.45ARG _2ddc |
||
| 999 |
_c1093 _d1093 |
||